| 000 | 00722nam a22002297a 4500 | ||
|---|---|---|---|
| 999 |
_c8713 _d8713 |
||
| 003 | AR-CdUCM | ||
| 008 | 190325b ||||| |||| 00| 0 spa d | ||
| 040 |
_aMUNICIPALIDAD PROVINCIAL DEL CUSCO _cBIBLIOTECA MUNICIPAL DEL CUSCO |
||
| 082 |
_a109 / _bSC29 |
||
| 100 |
_aSchilling, Kurt _919847 |
||
| 245 | _ahistoria de la filosofia / | ||
| 260 |
_aMéxico : _bUTEHA, _c1965. |
||
| 300 |
_atomos ; _c17.5 cm. |
||
| 505 | _aContenido : t.5: Desde el renacimiento hasta Kant. | ||
| 650 |
_aHistoria _9136 |
||
| 650 |
_aFilosofia _9395 |
||
| 650 |
_aEscuelas filosoficas _924329 |
||
| 650 |
_aCorrientes filosoficas _917144 |
||
| 700 |
_aMoreno Cañadas, Carlos (traductor) _916005 |
||
| 942 |
_2ddc _cLIBROS |
||
| 945 | _azta | ||